00239nam a22001097a 4500003000400000082001800004100001900022245002100041260002600062300000800088650003300096SGT a617.522bF25D aDawar, Sameera aFacial Asymmetry bSGT University c2025 a178 aOral & Maxillofacial Surgery